Baby sitters little sister #11 : (Record no. 6481)
[ view plain ]
| 000 -LEADER | |
|---|---|
| fixed length control field | 01440nam a22003017a 4500 |
| 001 - CONTROL NUMBER | |
| control field | 6481 |
| 003 - CONTROL NUMBER IDENTIFIER | |
| control field | FISKH |
| 005 - DATE AND TIME OF LATEST TRANSACTION | |
| control field | 20250506111302.0 |
| 008 - FIXED-LENGTH DATA ELEMENTS--GENERAL INFORMATION | |
| fixed length control field | 250506b cb ||||| |||| 00| 0 eng d |
| 020 ## - INTERNATIONAL STANDARD BOOK NUMBER | |
| International Standard Book Number | 9780590436502 |
| 040 ## - CATALOGING SOURCE | |
| Original cataloging agency | FISKH |
| Language of cataloging | eng |
| Transcribing agency | FISKH |
| Modifying agency | FISKH |
| 050 ## - LIBRARY OF CONGRESS CALL NUMBER | |
| Classification number | PZ7.M3567585 |
| 082 ## - DEWEY DECIMAL CLASSIFICATION NUMBER | |
| Classification number | 813.00 |
| 100 ## - MAIN ENTRY--PERSONAL NAME | |
| Personal name | M.Martin, Ann |
| Dates associated with a name | (1955-) |
| 245 ## - TITLE STATEMENT | |
| Title | Baby sitters little sister #11 : |
| Remainder of title | Karen's prize / |
| Statement of responsibility, etc. | Ann M.Martin ; Illustrations by Susan Tang |
| 250 ## - EDITION STATEMENT | |
| Edition statement | This edition first published in 1990 |
| 260 ## - PUBLICATION, DISTRIBUTION, ETC. | |
| Place of publication, distribution, etc. | New York : |
| Name of publisher, distributor, etc. | Scholastic, |
| Date of publication, distribution, etc. | 1990 |
| 300 ## - PHYSICAL DESCRIPTION | |
| Extent | 105 pages : |
| Other physical details | illustrations ; |
| Dimensions | 20 cm |
| 505 ## - FORMATTED CONTENTS NOTE | |
| Formatted contents note | N<br/> |
| 520 ## - SUMMARY, ETC. | |
| Summary, etc. | Comic and Graphic Books. Juvenile Fiction. Juvenile Literature. HTML:Another graphic novel in this fun series spin-off of The Baby-sitters Club, adapted by Mimi series creator Shauna J. Grant! Karen loves to spell words. She is very good at it, too. First, she wins the spelling bee in her class. Then Karen wins another spelling contest. And another... and another! Soon Karen might be the best junior speller in the state of Connecticut. She's even going to be on TV!<br/><br/>Karen thinks that is so great. But her friends don't. They think Karen is a show-off!<br/> |
| 521 8# - TARGET AUDIENCE NOTE | |
| Target audience note | 550<br/> |
| Source | Lexile<br/> |
| 521 8# - TARGET AUDIENCE NOTE | |
| Target audience note | N<br/> |
| Source | Raz-Plus<br/> |
| 650 ## - SUBJECT ADDED ENTRY--TOPICAL TERM | |
| Source of heading or term | Baby-Sitters Club |
| Topical term or geographic name entry element | Realistic fiction |
| 650 ## - SUBJECT ADDED ENTRY--TOPICAL TERM | |
| Source of heading or term | Spelling bees |
| Topical term or geographic name entry element | A:Juvenile |
| 700 ## - ADDED ENTRY--PERSONAL NAME | |
| Personal name | Tang, Susan |
| Dates associated with a name | illustrator |
| 942 ## - ADDED ENTRY ELEMENTS (KOHA) | |
| Source of classification or shelving scheme | Dewey Decimal Classification |
| Koha item type | Books |
| Suppress in OPAC | No |
| Withdrawn status | Lost status | Source of classification or shelving scheme | Damaged status | Not for loan | Collection | Home library | Current library | Shelving location | Date acquired | Total Checkouts | Full call number | Barcode | Date last seen | Copy number | Price effective from | Koha item type |
|---|---|---|---|---|---|---|---|---|---|---|---|---|---|---|---|---|
| Dewey Decimal Classification | Juvenile Fiction | Footprints International School Library Network Toul Tom Poung Campus | Footprints International School Library Network Toul Tom Poung Campus | TTP Primary Yellow Bookshelves | 05/06/2025 | MAR 813.00 PZ7.M3567585 | 2025-1157 | 05/06/2025 | 1 | 05/06/2025 | Books |
